000 00444nam a2200169Ia 4500
005 20260429111947.0
008 260429s9999||||xx |||||||||||||| ||und||
020 _a9789370441910
041 _aEnglish
082 _a530.41
_bPRI
100 _aPriyadarshi, Brajesh
245 0 _aSolid state physics /
_cBrajesh Priyadarshi
260 _aNew Delhi :
_bAsia Publishers,
_c2026.
300 _axi, 264 p.; hb
650 _aPhysics
942 _cTB
999 _c51632
_d51632